| 000 | 01175nmc a2200385 a 4500 | ||
|---|---|---|---|
| 003 | AR-BaBNM | ||
| 005 | 20251128210618.0 | ||
| 008 | 011101s1988 ||||||||||||||000 | spa|| | ||
| 020 | _a84-7.600-296-3 | ||
| 040 | _cAR-BaBNM | ||
| 100 | 1 | _aWillis, Paul | |
| 245 | 1 | 0 |
_aAprendiendo a trabajar _bcómo los chicos de clase obrera consiguen trabajos de clase obrera |
| 260 |
_aMadrid _bAkal _c1988 |
||
| 300 | 0 | _a229 p. | |
| 490 | 0 |
_aAkal universitaria. Educación _vv. 118 |
|
| 504 | _aContiene bibliografía en notas a pie de página | ||
| 650 | 4 | _aORGANIZACION DE LA EDUCACION | |
| 650 | 4 | _aESCUELAS SECUNDARIAS | |
| 650 | 4 | _aRELACION ESCUELA-ALUMNOS | |
| 650 | 4 | _aRELACION ALUMNO-DOCENTE | |
| 650 | 4 | _aSISTEMA DISCIPLINARIO | |
| 650 | 4 | _aCONFLICTO DE CLASES | |
| 650 | 4 | _aDIFERENCIACION CULTURAL | |
| 650 | 4 | _aDIFERENCIACION SOCIAL | |
| 650 | 4 | _aRACISMO | |
| 650 | 4 | _aEDUCACION Y EMPLEO | |
| 650 | 4 | _aETNOGRAFIA | |
| 650 | 4 | _aSOCIOLOGIA DE LA EDUCACION | |
| 650 | 4 | _aREPRODUCCION CULTURAL | |
| 651 | 4 | _aReino Unido | |
| 700 | 1 |
_aFeito, Rafael _etraductor |
|
| 800 | 1 |
_aFernández Enguita, Mariano _edirector |
|
| 942 | _cBK | ||
| 998 | _csilvi | ||
| 999 |
_c16175 _d16175 |
||